Региональная система привлечения инвестиций в малый бизнес и место кредитной кооперации в данной системе; Вестник Томского государственного университета; № 300-2

書誌詳細
Parent link:Вестник Томского государственного университета/ Томский государственный университет (ТГУ).— , 2007-
№ 300-2.— 2007.— [С. 35-39]
第一著者: Калмыкова Е. Ю. Екатерина Юрьевна
要約:Заглавие с экрана
Рассмотрена существующая региональная система поддержки и финансирования малого бизнеса, в которой бизнес-инкубаторы позволяют малому предприятию брать в аренду государственное имущество по пониженным ставкам, пользоваться льготным консультированием предпринимательских проектов, а государственную поддержку получают только финансово устойчивые структуры, которые самостоятельно добились успеха. Кредиты банков теоретически возможны, но фактически остаются недоступными для большинства субъектов малого предпринимательства. Предлагается использовать кредитные кооперативы в привлечении дополнительных инвестиций в малый бизнес.
There has been examined the present regional system of supporting and financing the small-scale business, in which business incubators allow to small-scale enterprise to rent state property with a lower rate, to use privileged business project consultation. Only finance stable structures, which achieved success independently, will get encouragement from the State. To get a bank credits are possible theoretically, but still not available for the most small-scale enterprises. It is offered to use the credit cooperations to attract extra investments to the small-scale business.
Режим доступа: по договору с организацией-держателем ресурса
言語:ロシア語
出版事項: 2007
主題:
オンライン・アクセス:http://elibrary.ru/item.asp?id=12224802
フォーマット: MixedMaterials 電子媒体 図書の章
KOHA link:https://koha.lib.tpu.ru/cgi-bin/koha/opac-detail.pl?biblionumber=641325

MARC

LEADER 00000naa0a2200000 4500
001 641325
005 20250326153749.0
035 |a (RuTPU)RU\TPU\network\6225 
090 |a 641325 
100 |a 20150515d2007 k||y0rusy50 ca 
101 0 |a rus 
102 |a RU 
135 |a drnn ---uucaa 
181 0 |a i  
182 0 |a b 
200 1 |a Региональная система привлечения инвестиций в малый бизнес и место кредитной кооперации в данной системе  |d Regional system of investment attraction to the small-scale business and credit cooperation position in this sphere  |f Е. Ю. Калмыкова 
203 |a Текст  |c электронный 
300 |a Заглавие с экрана 
320 |a [Библиогр.: с. 39 (4 назв.)] 
330 |a Рассмотрена существующая региональная система поддержки и финансирования малого бизнеса, в которой бизнес-инкубаторы позволяют малому предприятию брать в аренду государственное имущество по пониженным ставкам, пользоваться льготным консультированием предпринимательских проектов, а государственную поддержку получают только финансово устойчивые структуры, которые самостоятельно добились успеха. Кредиты банков теоретически возможны, но фактически остаются недоступными для большинства субъектов малого предпринимательства. Предлагается использовать кредитные кооперативы в привлечении дополнительных инвестиций в малый бизнес. 
330 |a There has been examined the present regional system of supporting and financing the small-scale business, in which business incubators allow to small-scale enterprise to rent state property with a lower rate, to use privileged business project consultation. Only finance stable structures, which achieved success independently, will get encouragement from the State. To get a bank credits are possible theoretically, but still not available for the most small-scale enterprises. It is offered to use the credit cooperations to attract extra investments to the small-scale business. 
333 |a Режим доступа: по договору с организацией-держателем ресурса 
461 |t Вестник Томского государственного университета  |f Томский государственный университет (ТГУ)  |d 2007- 
463 |t № 300-2  |v [С. 35-39]  |d 2007 
510 1 |a Regional system of investment attraction to the small-scale business and credit cooperation position in this sphere  |z eng 
610 1 |a электронный ресурс 
610 1 |a труды учёных ТПУ 
610 1 |a инвестиции 
610 1 |a малый бизнес 
610 1 |a кредитные кооперативы 
700 1 |a Калмыкова  |b Е. Ю.  |c специалист в области менеджмента  |c доцент Томского политехнического университета, кандидат экономических наук  |f 1962-  |g Екатерина Юрьевна  |3 (RuTPU)RU\TPU\pers\27167  |9 12687 
801 2 |a RU  |b 63413507  |c 20150515  |g RCR 
856 4 |u http://elibrary.ru/item.asp?id=12224802 
942 |c CF